Jet

Bibliographic Details
Format: Electronic Journal
Language:English
Published: [Chicago] : [Johnson Pub. Co.], 1951-2014.
Subjects:
Online Access:Full text available from Research Library: 01/11/1988 to 12/22/2008

MARC

LEADER 00000nas a2200000 a 4500
001 ssj0001213
003 WaSeSS
005 20200512172242.0
006 m d
007 cr n
008 751101d19512014iluzr p s 0 a0eng
010 |a  55056781  
016 7 |a 13738-8  |2 DE-600 
022 |l 0021-5996  |y 0021-5996 
032 |a 274760  |b USPS 
035 |a (WaSeSS)ssj0001213 
037 |b Johnson Publishing Company, LLC, 200 South Michigan Avenue, 21st Fl, Chicago, IL 60604 
040 |a DLC  |b eng  |c MUL  |d OCL  |d COO  |d NSD  |d DLC  |d AIP  |d NSD  |d AIP  |d OCL  |d AIP  |d IUL  |d NST  |d COO  |d NST  |d DLC  |d NSD  |d NST  |d OCL  |d CUS  |d OCLCQ  |d INU  |d CUS  |d OCLCQ  |d HEBIS  |d DEBBG  |d COD  |d OCLCQ  |d COD  |d OCLCF  |d CUS  |d NDD  |d SBVCA  |d OCLCO  |d HLS  |d XFH  |d OCLCQ  |d CSJ  |d U3G  |d AUD  |d FEM  |d UAB  |d OCLCQ  |d GILDS  |d CTL  |d OCLCO  |d OCLCQ  |d MAFCI  |d OCLCQ  |d NJT  |d WaSeSS 
042 |a nsdp  |a pcc 
043 |a n-us--- 
050 0 0 |a E185.5  |b .J4 
082 0 4 |a 973/.04/96073 
210 0 |a Jet 
222 0 |a Jet 
245 0 0 |a Jet  |h [electronic resource]. 
260 |a [Chicago] :  |b [Johnson Pub. Co.],  |c 1951-2014. 
310 |a Every three weeks,  |b 2013-2014 
321 |a Weekly, with combined issue in Dec.,  |b <-2007> 
321 |a Weekly, with combined issue every month,  |b <Oct. 20/27, 2008-> 
321 |a Biweekly,  |b <Aug. 20, 2012>-Dec. 24, 2012 
362 0 |a Vol. 1 (Nov. 1951)- 
362 1 |a Ceased with: Vol. 123, no. 09 (June 23, 2014). 
506 |a License restrictions may limit access. 
588 |a Latest issue consulted: Vol. 123, no. 09 (June 23, 2014). 
650 0 |a African Americans  |v Periodicals. 
650 7 |a African Americans.  |2 fast  |0 (OCoLC)fst00799558 
655 0 |a Electronic journals. 
850 |a C  |a CU-I  |a CU-S  |a CoFS  |a CoU  |a DLC  |a GEU  |a IEN  |a InU  |a NIC  |a P  |a PPi  |a TxHR  |a TxU  |a Wa  |a WvU 
856 4 0 |z Full text available from Research Library: 01/11/1988 to 12/22/2008  |u https://search.proquest.com/publication/35206